| 000 | 01675nkm a2200361 c 4500 | ||
|---|---|---|---|
| 003 | BLK | ||
| 005 | 20231024141722.0 | ||
| 008 | 180410b bul|rap|r|||| |0| ||bulo| | ||
| 010 | _aCDD00009355000 | ||
| 040 | _aBLK | ||
| 041 |
_aDRU _cDRU |
||
| 072 | 7 |
_2bullib _aР0112 _xДигитална колекция - Екслибрис. Междунар. конкурс, ХІІ |
|
| 080 |
_aЕкслибриси. Собствени книжни знаци. Знаци за произхода на книгата. Вж и Екслибрис като приложна графика 766:097;Колекции от екслибриси 769. 3:097 _b097 _x(45) _z097(45) |
||
| 110 | 1 |
_aМеждународен конкурс Ex Libris, ХІI. Русе, 2016 _9343092 |
|
| 139 |
_aМеждународен конкурс Ex Libris, ХІI. Русе, 2016 _bМ 45 |
||
| 245 | 1 | 0 |
_aSogni D'oro _cхудож. Giulia Maria Carbone. |
| 257 | _aITA | ||
| 260 | _c2016 | ||
| 300 |
_aкартон _bсмесена техника : ч. б.; 9,8 Х 12,7 см |
||
| 380 | _a0 | ||
| 490 | _aEx Vino - Ex Veritas | ||
| 500 | _aДар. - Подписан екземпляр. - Сюжет: човешки фигури, бутилки, чаши. - Копие 11/30. - Техниката е etching и aquatint. | ||
| 653 | _aекслибриси | ||
| 659 | _aP | ||
| 700 | 1 |
_aCarbone, Giulia Maria _eхудож. _96749 |
|
| 852 |
_aЦб Ех 2406 _p0 |
||
| 856 | 4 |
_qpdf _u |
|
| 856 | 4 |
_qpdf _u |
|
| 942 |
_cLGR _n0 |
||
| 944 |
_aCR _c05.07.2016 _k30546 _lРенета Константинова |
||
| 944 |
_aED _c05.07.2016 _kРенета_Константинова |
||
| 999 |
_c228610 _d228610 |
||
| 999 | _d228610 | ||